El Anoia /
Descripción Física:
Il·lustracions
Colección:
San Jorge,
; núm. 21 (gener 1956), pàg 56-63
Idioma:
Español
MARC
| LEADER | 00000naa a2200000 a 4500 | ||
|---|---|---|---|
| 003 | Arxiu | ||
| 005 | 20260324181043.0 | ||
| 008 | 160829s1956 spcaxx s spa c | ||
| 040 | |a AGDB | ||
| 100 | 1 | |a Llobet, Salvador, |d 1908-1991 |9 25877 | |
| 245 | 1 | 3 | |a El Anoia / |c por Salvador Llobet |
| 300 | |b Il·lustracions | ||
| 490 | |a San Jorge, |v núm. 21 (gener 1956), pàg 56-63 | ||
| 505 | |a Conté: Estadística de la comarca. -- Arqueología. -- Un héroe de la independia. | ||
| 600 | 1 | 0 | |9 55944 |a Franch i Estalella, Antoni, |d 1778-1855 |
| 651 | 0 | |a Anoia |9 50636 | |
| 773 | |g Núm. 21 (gener 1956), pàg 56-63 |t San Jorge. | ||
| 901 | |a Arxiu | ||
| 942 | |n 1 |2 udc |c ART | ||
| 952 | |0 0 |1 0 |4 0 |6 REV511 |7 1 |9 65572 |a Arxiu |b Arxiu |d 2023-03-10 |l 0 |o Rev-511 |r 2023-03-10 00:00:00 |w 2023-03-10 |y ARXIU |z També disponible a Rev-525 | ||
| 999 | |c 50005 |d 50005 | ||